Modern Dramas
Spremljeno u:
| Glavni autor: | |
|---|---|
| Format: | Knjiga |
| Jezik: | Undetermined |
| Izdano: |
New York, Estados Unidos
Hartcart, Brace and Company
1948
|
| Teme: | |
| Oznake: |
Dodaj oznaku
Bez oznaka, Budi prvi tko označuje ovaj zapis!
|
MARC
| LEADER | 00000nam a2200000Ia 4500 | ||
|---|---|---|---|
| 008 | 170316s9999 xx 000 0 und d | ||
| 040 | |a cru BVZT | ||
| 090 | |a 810 H-8m | ||
| 100 | |a Hatcher, Halan | ||
| 245 | |a Modern Dramas | ||
| 260 | |a New York, Estados Unidos | ||
| 260 | |b Hartcart, Brace and Company | ||
| 260 | |c 1948 | ||
| 300 | |a 479 páginas | ||
| 650 | |a LITERATURA ESTADOUNIDENSE | ||
| 999 | |c 5768 |d 5768 | ||
| 942 | |c 15 D |h 810 H-8m |2 z | ||
